| 000 | 00408nam a2200133Ia 4500 | ||
|---|---|---|---|
| 005 | 20260326235450.0 | ||
| 008 | 260326s9999||||xx |||||||||||||| ||und|| | ||
| 100 | _aAlva Martínez, Ernesto | ||
| 245 | 0 |
_aVIII y IX Bienal de Arquitectura Mexicana 2004-2006 / _cErnesto Alva Martínez |
|
| 260 | _bFederación de Arquitectos de la Repúblic | ||
| 300 | _a272 p. | ||
| 650 | _aARQUITECTURA REGIONAL | ||
| 942 | _cBK | ||
| 999 |
_c7740 _d7740 |
||